Responses for show #4839 - Thursday, September 29, 2005

Contestants

[<< previous game]

Alison Beightol, a labor and delivery registered nurse from Lake City, Florida

Mark Barrett, an assistant teacher from San Francisco, California

Andy Rosenberg, a sales manager from Morristown, New Jersey (whose 2-day cash winnings total $28,800)

[next game >>]

Jeopardy! Round responses

POLITICAL LINGO
(Alex: Next, we want you to name the film in...)
OSCAR-WINNING SONGS
"SOUTH" PARK
OH, MY GODS!
THEY KILT
KINSEY
    $200 25
grass roots

Andy
    $200 8
Mary Poppins

Mark
    $200 14
a southpaw

Mark
    $200 3
Odin

Andy
    $200 1
Prince Charles

Mark
    $200 2
Hoboken

Mark
    $400 26
nuclear

Andy
    $400 9
Dr. Dolittle

Andy
    $400 15
the South Beach Diet

Andy
    $400 4
the Aztecs

Alison
    $400 20
Sean Connery

Andy
    $400 13
rickets

Mark
    $600 27
Opposition

Andy
    $600 10
Butch Cassidy and the Sundance Kid

Andy
    $400 16
the South China Sea

Andy
    $600 5
Flora

Triple Stumper
    $600 21
a pouch (or purse)

Andy
    $600 17
a wasp

Andy
    $800 28
omnibus

Andy
    $800 11
Pocahontas

Mark
    $800 30
(Alex: [*], "There Is Nothing Like A Dame". Well done, young man, $10,000 even for you, so a great deal of catching up for Mark and Alison, and Mark gets to go first, right after this.)

South Pacific

Andy
    $800 6
Egypt

Alison
    $800 22
a tartan

Andy
    $800 18
Indiana

Andy
    $1000 29
a back-bencher

Alison
    $1000 12
The Motorcycle Diaries

Andy
    $1000 24
South Central

Alison
    $1000 7
Triton

Triple Stumper
    $1000 23
Sir Walter Scott

Triple Stumper
    $1000 19
the Human Male

Andy

Scores at the first commercial break (after clue 16):

Andy Mark Alison
$3,000 $2,000 $1,200

Scores at the end of the Jeopardy! Round:

Andy Mark Alison
$10,000 $2,000 $3,200

Double Jeopardy! Round responses

MATH
'80s TV
START SPREADIN' THE NOOSE
LET'S BE SECURE
MONGO FOR MONGOLIA
"OX" MARKS THE SPOT
    $400 11
5

Triple Stumper
    $400 6
Murphy Brown (or Murphy's Law)

Andy
    $400 13
(Alison: Who is Benedict Arnold?)
(Andy: Who is Patrick Henry?)

Nathan Hale

AndyMarkAlison
    $400 23
yellow

Alison
    $400 18
Buddhist

Alison
    $400 1
(Mark: [Selecting the first clue] Well, I have to go there. "OX" MARKS THE SPOT for $400.)

Fort Knox

Andy
    $800 12
an intersection

Triple Stumper
    $800 7
Moonlighting

Mark
    $800 14
Judas Iscariot

Mark
    $800 24
infrastructure

Andy
    $800 19
the currency

Mark
    $800 2
a jukebox

Mark
    $1200 28
9

Mark
    $1200 8
Three's Company

Mark
    $4,600 15
[Cheers are audible from the audience when the clue is revealed.]
(Alex: You can do the math.)
(Mark: $4,600.)
(Alex: $4,600 sounds good to me.)
(Mark: Thank you.)
(Alex: You'll be in first place if you're right. Here's the clue.)

John Brown

Mark
    $1200 25
the Coast Guard

Andy
    $1200 20
(Alex: It's a kind of [*]. Named for the man who discovered them many years ago.)

horse

Triple Stumper
    $1200 3
an icebox

Alison
    $2,300 29
(Alex: Almost a reluctant selection on your part!)
...
(Mark: I'm sorry. I don't know.)

slope

Mark
    $1600 9
(William) Conrad

Mark
    $1600 16
(Mark: Who is Benedict Arnold?)
...
(Alex: Who was [*]? [Seeing the "the other one" look on Mark's face] Yes.)

Major John André

Mark
Triple Stumper
    $1600 26
the TSA

Alison
    $1600 21
the Ming

Mark
    $1600 4
cowpox

Alison
    $2000 10
(Alison: What is The Tonight Show?)

Designing Women

Alison
Triple Stumper
    $2000 17
(Andy: Who is Speer?)
...
(Alex: The lone prisoner of Spandau was [*].)

Rudolf Hess

Andy
Triple Stumper
    $2000 27
(Mark: What is first defense?)
...
(Alison: [Selecting the clue in the only remaining category] Unfortunately, MATH for $1200.)

responders

MarkAlison
    $2000 22
Karakoram

Andy
    $2000 5
phlox

Triple Stumper

Scores at the end of the Double Jeopardy! Round:

Andy Mark Alison
$12,400 $9,900 $8,000

[wagering suggestions for these scores]

Final Jeopardy! Round responses

FAMOUS ENGLISHMEN
(Alex: The Rime of the Ancient Mariner.)
AlisonWho was ??
$8,000
MarkWho is Coleridge
$6,100
AndyWho was Lord Byron?
$4,401
Samuel Taylor Coleridge

Final scores:

Andy Mark Alison
$7,999 $16,000 $0
2nd place: $2,000 New champion: $16,000 3rd place: $1,000

Game dynamics:

Coryat scores:

Andy Mark Alison
$12,600 $8,800 $8,000
22 R
(including 1 DD),
2 W
16 R
(including 1 DD),
3 W
(including 1 DD)
10 R,
2 W

Combined Coryat: $29,400

The J! Archive is created by fans, for fans. The Jeopardy! game show and all elements thereof, including but not limited to copyright and trademark thereto, are the property of Jeopardy Productions, Inc. and are protected under law. This website is not affiliated with, sponsored by, or operated by Jeopardy Productions, Inc. Join the discussion at JBoard.tv.